Australian seashores: a guide for the beach-lover, the naturalist, the shore fisherman, and the student
Сохранить в:
| Главные авторы: | , , |
|---|---|
| Формат: | |
| Язык: | английский |
| Опубликовано: |
Melbourne
Angus and Robertson
1969
|
| Предметы: | |
| Метки: |
Добавить метку
Нет меток, Требуется 1-ая метка записи!
|
MARC
| LEADER | 00000nam a2200000 a 4500 | ||
|---|---|---|---|
| 001 | UCY3170 | ||
| 003 | CL-VaPUC | ||
| 008 | 941214e19690000AT |||||||||||||||||eng|d | ||
| 082 | 0 | 4 | |a 577.51 |b DAK |2 21 |
| 100 | 0 | |a Dakin, William J |e author |9 331388 | |
| 700 | 0 | |a Bennett, Isabel |e author |9 331389 | |
| 700 | 0 | |a Pope, Elizabeth |e author |9 331390 | |
| 245 | 1 | 0 | |a Australian seashores: a guide for the beach-lover, the naturalist, the shore fisherman, and the student |
| 300 | |a 372 p | ||
| 942 | |c BK | ||
| 945 | |d 19941214 00:00:00 |a mfernand | ||
| 260 | |a Melbourne |b Angus and Robertson |c 1969 | ||
| 650 | 0 | |a Litoral |9 331391 | |
| 650 | 7 | |a ECOLOGIA DEL LITORAL |2 CL-VaPUC |9 261338 | |
| 650 | 0 | |a Costas |9 261336 | |
| 650 | 0 | |a Biología marina |9 259965 | |
| 651 | 0 | |a Australia |9 262077 | |
| 583 | |a last modification |c 19941214 00:00:00 |k Rodrigo Vera | ||
| 999 | |c 231383 |d 231381 | ||
| 952 | |0 0 |1 0 |2 ddc |4 0 |6 577_510000000000000_DAK_1969 |7 0 |8 CCM |9 234612 |a BIBCUR |b BIBCUR |c PAC |d 2019-11-15 |i 3043096 |o 577.51 DAK 1969 |p 3043096 |r 2025-04-22 |w 2019-11-15 |y BK |k CIM | ||